World rubber market structure and stabilisation: An econometric study (Record no. 38070)

MARC details
000 -LEADER
fixed length control field 00350nam a2200121Ia 4500
082 ## - DEWEY DECIMAL CLASSIFICATION NUMBER
Classification number NR:339.138
Item number SUA;1
100 ## - MAIN ENTRY--AUTHOR NAME
Personal name Suan Tan, C
245 #0 - TITLE STATEMENT
Title World rubber market structure and stabilisation: An econometric study
260 ## - PUBLICATION, DISTRIBUTION, ETC. (IMPRINT)
Place of publication Washington
Name of publisher World Bank
Year of publication 1984
650 ## - SUBJECT ADDED ENTRY--TOPICAL TERM
Topical Term Rubber market
942 ## - ADDED ENTRY ELEMENTS (KOHA)
Koha item type Books
Holdings
Withdrawn status Lost status Damaged status Not for loan Home library Current library Date acquired Cost, normal purchase price Full call number Accession Number Koha item type
        RRII Library RRII Library 16/12/2021 20.00 NR:339.138 SUA;1 18437 Books